000 00449nam a2200169Ia 4500
005 20260415160318.0
008 008 250505s9999 xx 000 0 eng d
037 _aTextual
040 _aFEDL
_beng
_cFEDL
041 _aeng
_2eng
084 _a608 ODH
_qFEDL
100 _aOdhams
_9755579
245 0 _aMiracles of invention and discovery
300 _a320p.
942 _cTEXL
_h608 ODH
999 _c1321544
_d1321544